Entry Personal Name
Number of records used in: 1
001 - CONTROL NUMBER
003 - CONTROL NUMBER IDENTIFIER
005 - DATE AND TIME OF LATEST TRANSACTION
- control field:
20200125114456.0
008 - FIXED-LENGTH DATA ELEMENTS
- fixed length control field:
970710n| acannaab| |n aaa |||
010 ## - LIBRARY OF CONGRESS CONTROL NUMBER
- LC control number:
n 97069785
040 ## - CATALOGING SOURCE
- Original cataloging agency:
DLC
- Transcribing agency:
DLC
100 10 - HEADING--PERSONAL NAME
- Personal name:
Cummings, Maeve
670 ## - SOURCE DATA FOUND
- Source citation:
Management information systems for the information age, c1998:
- Information found:
CIP t.p. (Maeve Cummings)